00535nam a2200157 a 45000010005000000030009000050080041000140400028000550820014000832450125000972600058002223000009002804900021002895050047003106500020003579886CO-ViMGA141112s2004 ck r 000 u spa d aCO-ViMGAbspacCO-ViMGA04a999.9710310aLey 393 de 1997 : bPor la Cual se desarrolla el artículo 87 de la constitución Política, Acción de cumplimiento aSantafé de Bogotá : bMinisterio de Justicia 1997 a32p. atextos oficiales aLey 393 de 1997 : Acción de Cumplimiento14aLEY 393 DE 1997